000 00795nam a2200253Ia 4500
003 OSt
005 20221005074422.0
006 a|||||r|||| 00| 0
007 ta
008 221004b |||||||| |||| 00| 0 urd d
020 _a8188413704 (hbk)
_c300
024 _a25606
037 _b1549, 19/02/2016, M.R.Publications
_cTextual
040 _aCRL
_cCRL
_burd
041 _2urd
_aurd
082 _aO168,4x, P8,1-,2
100 _aShafaq Shereen Zuban Khanam Au.
_9608838
245 0 _aTumhe yaad ho ke na yaad ho
260 _aNew Delhi
_bM.R.Publications India
_c2008
300 _a320p.
_ccm.
650 _aURDU LETTERS
942 _hO168,4x, P8,1-,2
_cTEXL
_2cc
999 _c982699
_d982699